• 首页
  • 本馆介绍
  • 公告通知
  • 最新文献
  • 馆藏检索
  • 电子资源
  • 读者导购
  • 参考咨询
  • 我的图书馆
  • 登录
  • 详细信息显示
  • 放入我的书架
  • 预约/预借图书
  • 作者相关作品
  • 分类相关作品
  • 丛书相关作品
  • 出版社相关作品

书目信息

  • 表格格式
  • 工作单格式
  • 卡片格式
题名:
会展视觉系统设计
    
 
作者: 朱国勤 , 戴云亭 编著
分册:  
出版信息: 北京   化学工业出版社  2009
页数: 123页
开本: 24cm
丛书名:
单 册:
中图分类: J525.2
科图分类:
主题词: 展览会--陈列设计--高等教育--教材 , 展览会 , 陈列设计
电子资源:
ISBN: 978-7-122-04545-4
000 01017nam0 2200277 45
001 1338808906
005 20130514153915.85
010    @a978-7-122-04545-4@dCNY27.00
100    @a20130108d2009 em y0chiy0110 ea
101 0  @achi
102    @aCN@b110000
105    @aa z 000yy
106    @ar
200 1  @a会展视觉系统设计@AHui Zhan Shi Jue Xi Tong She Ji@f朱国勤,戴云亭编著@FZhu Guo Qin, Dai Yun Ting Bian Zhu
210    @a北京@c化学工业出版社@d2009
215    @a123页@c图@d24cm
300    @a普通高等教育“十一五”规划教材 上海市会展教育高地系列教材
330    @a本书对会展视觉系统设计概论和理念、会展设计的艺术风格、会展视觉系统设计程序及步骤、会展视觉系统设计的要求、会展的视觉传达设计、会展的道具设计及会展设计案例等进行了探讨。
606 0  @a展览会@x陈列设计@x高等教育@j教材
606 0  @a展览会
606 0  @a陈列设计
690    @aJ525.2@v5
701  0 @a朱国勤@AZhu Guo Qin@4编著
701  0 @a戴云亭@ADai Yun Ting@4编著
801    @aCN@bTANGWEI@c20130108
905    @b0819719-23@dJ525.2@e316@f5
    
    会展视觉系统设计/朱国勤,戴云亭编著.-北京:化学工业出版社,2009
    123页:图;24cm
    普通高等教育“十一五”规划教材 上海市会展教育高地系列教材
    
    ISBN 978-7-122-04545-4:CNY27.00
    本书对会展视觉系统设计概论和理念、会展设计的艺术风格、会展视觉系统设计程序及步骤、会展视觉系统设计的要求、会展的视觉传达设计、会展的道具设计及会展设计案例等进行了探讨。
●
相关链接 在E读中查询图书 在五车中查询图书 在当当中查询图书 在豆瓣中查询图书


正题名:会展视觉系统设计     索取号:J525.2/316         预约/预借

序号 登录号 条形码 馆藏地/架位号 状态 备注
1 0819719   208197191   第一样本阅览室/ [索取号:J525.2/316] 在馆    
2 0819720   208197208   第一借阅区/ [索取号:J525.2/316] 在馆    
3 0819721   208197217   第一借阅区/ [索取号:J525.2/316] 在馆    
4 0819722   208197226   第一借阅区/ [索取号:J525.2/316] 在馆    
5 0819723   208197235   第一借阅区/ [索取号:J525.2/316] 在馆    
唐山师范学院图书馆 欢迎您!
大连网信软件有限公司© 版权所有